Normal view
MARC view
Entry Personal Name
001 - CONTROL NUMBER
- control field: 79356
003 - CONTROL NUMBER IDENTIFIER
- control field: dpl
005 - DATE AND TIME OF LATEST TRANSACTION
- control field: 20250306163853.0
008 - FIXED-LENGTH DATA ELEMENTS
- fixed length control field: 250306|| aca||aabn | a|a d
040 ## - CATALOGING SOURCE
- Original cataloging agency: dpl
- Transcribing agency: dpl
100 ## - HEADING--PERSONAL NAME
- Personal name: Mukhopadhyaya, Ramesh Chandra
670 ## - SOURCE DATA FOUND
- Source citation: Work cat.: (dpl)210140: Mukhopadhyaya, Ramesh Chandra, K.V. Dominic Criticism and Commentary/, 2017
